| 000 | 00588nam a2200229Ia 4500 | ||
|---|---|---|---|
| 003 | OSt | ||
| 005 | 20221007071811.0 | ||
| 006 | a|||||r|||| 00| 0 | ||
| 007 | ta | ||
| 008 | 221006b |||||||| |||| 00| 0 eng d | ||
| 024 | _a17,536 | ||
| 037 | _cTextual | ||
| 040 |
_aFLL _cFLL _beng |
||
| 041 |
_2eng _aeng |
||
| 082 | _aY:45:6, K9 | ||
| 100 |
_aThomas David Au. _9597188 |
||
| 245 | 0 | _aSeek out the guilty | |
| 260 |
_aLondon _bJohn Long England _c1969 |
||
| 300 |
_a192p _ccm. |
||
| 942 |
_hY:45:6, K9 _cTEXL _2CC |
||
| 999 |
_c1144370 _d1144370 |
||